Impact of Common Agricultural Policy on Czech agriculture

Popis ôsmich možností admninistrácie priamych platieb a ich vplyv na ekonomiku poľnohospodárskych podnikov v rokoch 2004-2006. Pre tieto účely bol výberový súbor 152 poľnohospodárskych podnikov rozdelený podľa výrobných oblastí. Každému zo sledovaných podnikov boli vypočítané možné nároky na štanda...

ver descrição completa

Na minha lista:
Detalhes bibliográficos
Autor principal: Střeleček, František
Outros Autores: Lososová, Jana
Formato: Capítulo de Livro
Idioma:inglês
Assuntos:
Tags: Adicionar Tag
Sem tags, seja o primeiro a adicionar uma tag!

MARC

LEADER 00000naa$a2200000$$$4500
001 0004191
005 20231004092011.6
041 0 |a eng 
044 |a CZ 
245 1 0 |a Impact of Common Agricultural Policy on Czech agriculture  |c aut. František Střeleček, Jana Lososová 
520 |a Popis ôsmich možností admninistrácie priamych platieb a ich vplyv na ekonomiku poľnohospodárskych podnikov v rokoch 2004-2006. Pre tieto účely bol výberový súbor 152 poľnohospodárskych podnikov rozdelený podľa výrobných oblastí. Každému zo sledovaných podnikov boli vypočítané možné nároky na štandardné priame platby podľa situácie podniku v roku 2002 a nároky na platby podľa rôznych variant zjednodušeného systému administrácie priamych platieb. Jednotlivé prémie boli pre porovnateľnosť prepočítané na jeden hektár poľnohospodárskej pôdy. Všetky uvedené možnosti boli porovnané z hľadiska ich dopadu na hospodárenie poľnohospodárskych podnikov v rôznych výrobno-klimatických podmienkach. 
610 2 0 |a poľnohospodárstvo 
610 2 0 |a Česko 
610 2 0 |a podnik poľnohospodársky 
610 2 0 |a politika poľnohospodárska 
100 1 |a Střeleček, František 
700 1 |a Lososová, Jana